| 000 | 00405nam a2200181Ia 4500 | ||
|---|---|---|---|
| 008 | 090124s9999 xx 000 0 und d | ||
| 082 | _b32061 | ||
| 100 | _aWOHI BURTON | ||
| 245 | _aTHE JET SET | ||
| 250 | _a0 | ||
| 260 |
_bARTHUR BARKER LIMITED _c1964 |
||
| 300 | _a317 | ||
| 600 | _aWOHI BURTON | ||
| 630 | _aTHE JET SET | ||
| 700 | _aWOHI BURTON | ||
| 730 | _aTHE JET SET | ||
| 942 | _cBOOK | ||
| 999 |
_c97951 _d97951 |
||